BTS Songs - Sudden Death - Statistics

General Stats
  • This quiz has been taken 801 times
  • The average score is 11 of 26
Answers on the Grid
Answers color-coded by a green-red scale on the quiz's grid according to % correct below.
Walk
Sesame
UGH!
TNT
Deja Vu
Telepathy
Stay With Me
Singularity
Serenity
DNA
Serendipity
Save Me
Raindrops
Converse Low
Purple
Moon
All Day
Mister Right
So What
Mikrokosmos
Winter Night
I Like You
Just One Day
Jump
The Truth Untold
Intro: Trivia
I Need U
Friends Forever
Dream
Embarrassed
134340
Am I Right
Dynamite
MIC Drop
Feel The Magic
Golden Spoon
Dope
Danger
2! 3!
Awake At Night
Stigma
Epiphany
Louder Than Bombs
Permission To Sing
Y.E.S.
Fly To Me
Anpanman
Make it Correct
No More Love
Butter
Reach For The Stars
Magic Shop
 
Answer Stats
Answer % Correct
DNA
71%
UGH!
67%
Save Me
56%
Serendipity
54%
Telepathy
54%
Singularity
52%
Mikrokosmos
49%
Jump
46%
Butter
43%
Dope
43%
Dynamite
43%
Just One Day
42%
So What
42%
The Truth Untold
42%
I Need U
41%
MIC Drop
39%
Moon
38%
Magic Shop
36%
Anpanman
35%
Danger
35%
Epiphany
32%
Stigma
31%
Louder Than Bombs
29%
2! 3!
28%
134340
27%
Embarrassed
19%
No matching quizzes found
Score Distribution
Percent of People with Each Score
Percentile by Number Answered
Your Score History
You have not taken this quiz